Vista normal Vista MARC

Entrada Personal Name

Número de registros utilizados en: 1

001 - CONTROL NUMBER

  • control field: 3412

003 - CONTROL NUMBER IDENTIFIER

  • control field: OSt

005 - DATE AND TIME OF LATEST TRANSACTION

  • control field: 20200422135310.0

008 - FIXED-LENGTH DATA ELEMENTS

  • fixed length control field: 200422|| aca||aabn | a|a d

040 ## - CATALOGING SOURCE

  • Original cataloging agency: OSt
  • Transcribing agency: OSt

100 ## - HEADING--PERSONAL NAME

  • Personal name: Bustos Valencia, Alirio,

670 ## - SOURCE DATA FOUND

  • Source citation: Work cat.: (OSt)4609: Bustos Valencia, Alirio, autor, La ley del monte /, 1999